000 00812nam a22002297a 4500
005 20170428151934.0
010 _aB-519487-491 ENG-117985
020 _a9781107610699
_c595.00
035 _aB-519487-491
035 _aEN-101517
037 _adpl
_bBSB/Ven.
037 _bDBAD/PUB
082 _a270.4
100 _aSiddiqui, Mona
245 _aThe good Muslim :
_cby Mona Siddiqui
_breflections on classical islamic law and theology /
260 _aNew Delhi
_bCambridge University Press
_c2012
270 _a4381/4, Ansari Road Daryaganj
_bNew Delhi
_e110002
300 _avii,231p.
_c20cm(pbk)
500 _aIncludes bibliographical references and index
942 _2ddc
_cEN
_mSID
_h270.4
999 _c79444
_d79444